000 00591nam a2200169Ia 4500
008 090201s9999 xx 000 0 und d
010 _aKPL-63154
040 _bमराठी
041 _aमराठी
082 _a4036
_b63154
100 _aरेचल गडकर
245 _aभारतवासी बेनेइस्त्राएली
_cरेचल गडकर
260 _c2004
_bग्रंथाली प्रकाशन
300 _a203
_bमोठा
600 _aभारतवासी बेनेइस्त्राएली
942 _cBOOK
999 _c205115
_d205115